| 000 | 01608nmc a2200493 a 4500 | ||
|---|---|---|---|
| 003 | AR-BaBNM | ||
| 005 | 20251128203258.0 | ||
| 008 | 011101s1966 ||||||||||||||000 | spa|| | ||
| 040 | _cAR-BaBNM | ||
| 100 | 1 | _aWinn, Ralph B. | |
| 245 | 1 | 0 | _aEl desarrollo y la educación del niño |
| 260 |
_aBuenos Aires _bPaidós _c1966 |
||
| 300 | 0 | _a143 p. | |
| 490 | 0 |
_aBiblioteca del educador contemporáneo _vv. 43 |
|
| 504 | _aBibliografía: p. 137-143 | ||
| 650 | 4 | _aPSICOLOGIA DE LA EDUCACION | |
| 650 | 4 | _aDESARROLLO DEL NINO | |
| 650 | 4 | _aINFANCIA | |
| 650 | 4 | _aADOLESCENCIA | |
| 650 | 4 | _aDESARROLLO DEL LENGUAJE | |
| 650 | 4 | _aDESARROLLO DEL VOCABULARIO | |
| 650 | 4 | _aDESARROLLO INTELECTUAL | |
| 650 | 4 | _aDESARROLLO MENTAL | |
| 650 | 4 | _aENSENANZA DE LA LECTURA | |
| 653 | 0 | _aNINOS TALENTOSOS | |
| 653 | 0 | _aPROCESO DE ENSENANZA-APRENDIZAJE | |
| 700 | 1 |
_aCarrell, James _ecolaborador |
|
| 700 | 1 |
_aGlueck, Bernard _ecolaborador |
|
| 700 | 1 |
_aKereszturi, Camille _ecolaborador |
|
| 700 | 1 |
_aKeys, Noel _ecolaborador |
|
| 700 | 1 |
_aMartin, Mabel Florence _ecolaborador |
|
| 700 | 1 |
_aMueller, A.D. _ecolaborador |
|
| 700 | 1 |
_aOlson, Willard C. _ecolaborador |
|
| 700 | 1 |
_aRoos, Mary Mae B. _ecolaborador |
|
| 700 | 1 |
_aSimpson, Ray H. _ecolaborador |
|
| 700 | 1 |
_aAlstyne, Dorothy van _ecolaborador |
|
| 700 | 1 |
_aWolf, Katherine María T. _ecolaborador |
|
| 700 | 1 |
_aGonzález, Clyde A.P. de _etraductor |
|
| 700 | 1 |
_aBernstein, Jaime _esupervisión |
|
| 800 | 1 |
_aRomero Brest, Gilda Lamarque de _edirector |
|
| 800 | 1 |
_aBernstein, Jaime _edirector |
|
| 942 | _cBK | ||
| 998 | _csilvi | ||
| 999 |
_c2691 _d2691 |
||